000 00393pab a2200157 454500
008 180718b2011 xxu||||| |||| 00| 0 eng d
100 _aEtzioni, Amitai
245 _aBehavioral economics: Toward a new paradigm
260 _c2011
300 _ap.1099-1119.
362 _aAug
650 _aBehavioural economics
773 _aAmerican Behavioral Scientist
908 _aN
909 _a93432
999 _c93432
_d93432